000 00752nam a22001937a 4500
999 _c16940
_d16940
003 AR-CdUCM
008 190506b ||||| |||| 00| 0 spa d
040 _aMUNICIPALIDAD PROVINCIAL DEL CUSCO
_cBIBLIOTECA MUNICIPAL DEL CUSCO
082 _a870.9 /
_bV59
100 _aVeze, Raoul
_936700
245 _aLos prosistas latinos /
260 _aMéxico, D.F. :
_bNacional,
_c1967.
300 _a222 páginas ;
_bIlustraciones,
_c18 cm.
505 _aContenido: La influencia del latín en la prosa de las lenguas romances -- Periodo prehistórico -- Periodo preparatorio o de iniciación helénica -- Periodo ciceroniano...
650 _aLiteratura latina
_9327
650 _aHistoria y crítica
_95993
942 _2ddc
_cLIBROS
945 _aacv
_d2019-05-06